000 00709nam a2200253 a 4500
001 BS0002542
003 BR-BrBNA
005 20230418192048.0
008 230308b |||||||| |||| 00| 0 por d
040 _aBR-BrBNA
_bpor
_cBiblioteca Nacional de Agricultura
041 _apor
072 _aB54
090 _aB54 BS0002542
100 1 _aTheodoro, Mário (org.)
100 1 _aJaccoud, Luciana
100 1 _aOsório, Rafael
100 1 _aSoares, Sergei
245 1 _aAs políticas públicas e a desigualdade racial no Brasil: 120 anos após a abolição /
260 3 _aBrasilia, DF:
_bIPEA,
_c2008.
300 _a176 p.
650 _aETNIAS
909 _a202304
_bSergio Santos
_c56
_dSergio Santos
942 _cBK
999 _c7600
_d7600